000 00722nam a2200217 4500
003 OSt
005 20240628021259.0
006 a
008 240628b |||||||| |||| 00| 0 eng d
020 _a9780120887767
040 _aDWCL-Main lib.
_cOC
082 _aCirc. 571.316 D278d 2007
100 _aDe Iuliis, Gerardo
245 _aThe dissection of vertebrates: a laboratory manual /
260 _aAmsterdam;
_bAcademic Press, Elsevier,
_cc2007
300 _axxi,
_b275 p. : ill. (chiefly col.);
_c28cm.
504 _aIncludes bibliographical references & index.
650 _a1. Vertebrates-Dissection-laboratory manual.
650 _a2. Vertebrates-Anatomy-laboratory manual.
942 _2ddc
_n0
_cBK-CIRC
_kCirc.
999 _c1550
_d1550